<?xml version="1.0" encoding="UTF-8"?>
<marc:record xmlns:marc="http://www.loc.gov/MARC21/slim" type="Bibliographic">
   <marc:leader>00000nam a22000008c 4500</marc:leader>
   <marc:controlfield tag="001">1255037660</marc:controlfield>
   <marc:controlfield tag="003">DE-101</marc:controlfield>
   <marc:controlfield tag="005">20230125213339.0</marc:controlfield>
   <marc:controlfield tag="007">tu</marc:controlfield>
   <marc:controlfield tag="008">220407s2023    gw ||||| |||| 00||||ger  </marc:controlfield>
   <marc:datafield ind1=" " ind2=" " tag="015">
      <marc:subfield code="a">22,N15</marc:subfield>
      <marc:subfield code="2">dnb</marc:subfield>
   </marc:datafield>
   <marc:datafield ind1="7" ind2=" " tag="016">
      <marc:subfield code="2">DE-101</marc:subfield>
      <marc:subfield code="a">1255037660</marc:subfield>
   </marc:datafield>
   <marc:datafield ind1=" " ind2=" " tag="020">
      <marc:subfield code="a">9783864932113</marc:subfield>
      <marc:subfield code="c">Broschur : EUR 16.99 (DE), EUR 17.50 (AT), CHF 19.50 (freier Preis)</marc:subfield>
      <marc:subfield code="9">978-3-86493-211-3</marc:subfield>
   </marc:datafield>
   <marc:datafield ind1=" " ind2=" " tag="020">
      <marc:subfield code="a">3864932114</marc:subfield>
      <marc:subfield code="9">3-86493-211-4</marc:subfield>
   </marc:datafield>
   <marc:datafield ind1="3" ind2=" " tag="024">
      <marc:subfield code="a">9783864932113</marc:subfield>
   </marc:datafield>
   <marc:datafield ind1=" " ind2=" " tag="035">
      <marc:subfield code="a">(DE-599)DNB1255037660</marc:subfield>
   </marc:datafield>
   <marc:datafield ind1=" " ind2=" " tag="035">
      <marc:subfield code="a">(OCoLC)1310649534</marc:subfield>
   </marc:datafield>
   <marc:datafield ind1=" " ind2=" " tag="040">
      <marc:subfield code="a">1145</marc:subfield>
      <marc:subfield code="b">ger</marc:subfield>
      <marc:subfield code="c">DE-101</marc:subfield>
      <marc:subfield code="d">9999</marc:subfield>
   </marc:datafield>
   <marc:datafield ind1=" " ind2=" " tag="041">
      <marc:subfield code="a">ger</marc:subfield>
      <marc:subfield code="h">eng</marc:subfield>
   </marc:datafield>
   <marc:datafield ind1=" " ind2=" " tag="044">
      <marc:subfield code="c">XA-DE-BE</marc:subfield>
   </marc:datafield>
   <marc:datafield ind1="7" ind2="4" tag="082">
      <marc:subfield code="8">4\p</marc:subfield>
      <marc:subfield code="a">830</marc:subfield>
      <marc:subfield code="a">B</marc:subfield>
      <marc:subfield code="q">DE-101</marc:subfield>
      <marc:subfield code="2">23sdnb</marc:subfield>
   </marc:datafield>
   <marc:datafield ind1="1" ind2=" " tag="100">
      <marc:subfield code="8">1\p</marc:subfield>
      <marc:subfield code="a">Loesch, Kristen</marc:subfield>
      <marc:subfield code="e">Verfasser</marc:subfield>
      <marc:subfield code="4">aut</marc:subfield>
   </marc:datafield>
   <marc:datafield ind1="1" ind2="0" tag="240">
      <marc:subfield code="a">&#x98;The&#x9c; Porcelain Doll</marc:subfield>
   </marc:datafield>
   <marc:datafield ind1="1" ind2="0" tag="245">
      <marc:subfield code="a">&#x98;Die&#x9c; Porzellanpuppe</marc:subfield>
      <marc:subfield code="b">Roman | Liebesgeschichte und Schicksalsroman: Eine Liebe in Leningrad</marc:subfield>
      <marc:subfield code="c">Kristen Loesch</marc:subfield>
   </marc:datafield>
   <marc:datafield ind1=" " ind2=" " tag="250">
      <marc:subfield code="a">1. Auflage</marc:subfield>
   </marc:datafield>
   <marc:datafield ind1=" " ind2=" " tag="259">
      <marc:subfield code="a">11</marc:subfield>
   </marc:datafield>
   <marc:datafield ind1=" " ind2="1" tag="264">
      <marc:subfield code="a">Berlin</marc:subfield>
      <marc:subfield code="b">Ullstein Paperback</marc:subfield>
      <marc:subfield code="c">2023</marc:subfield>
   </marc:datafield>
   <marc:datafield ind1=" " ind2=" " tag="300">
      <marc:subfield code="a">416 Seiten</marc:subfield>
      <marc:subfield code="c">20.5 cm x 13.6 cm, 486 g</marc:subfield>
   </marc:datafield>
   <marc:datafield ind1=" " ind2=" " tag="336">
      <marc:subfield code="a">Text</marc:subfield>
      <marc:subfield code="b">txt</marc:subfield>
      <marc:subfield code="2">rdacontent</marc:subfield>
   </marc:datafield>
   <marc:datafield ind1=" " ind2=" " tag="337">
      <marc:subfield code="a">ohne Hilfsmittel zu benutzen</marc:subfield>
      <marc:subfield code="b">n</marc:subfield>
      <marc:subfield code="2">rdamedia</marc:subfield>
   </marc:datafield>
   <marc:datafield ind1=" " ind2=" " tag="338">
      <marc:subfield code="a">Band</marc:subfield>
      <marc:subfield code="b">nc</marc:subfield>
      <marc:subfield code="2">rdacarrier</marc:subfield>
   </marc:datafield>
   <marc:datafield ind1=" " ind2=" " tag="653">
      <marc:subfield code="a">(Produktform)Paperback / softback</marc:subfield>
   </marc:datafield>
   <marc:datafield ind1=" " ind2=" " tag="653">
      <marc:subfield code="a">(BISAC Subject Heading)FIC027050</marc:subfield>
   </marc:datafield>
   <marc:datafield ind1=" " ind2=" " tag="653">
      <marc:subfield code="a">(Produktform (spezifisch))Paperback (DE)</marc:subfield>
   </marc:datafield>
   <marc:datafield ind1=" " ind2=" " tag="653">
      <marc:subfield code="a">(BISAC Subject Heading)FIC008000: FICTION / Sagas</marc:subfield>
   </marc:datafield>
   <marc:datafield ind1=" " ind2=" " tag="653">
      <marc:subfield code="a">(BISAC Subject Heading)FIC014000: FICTION / Historical</marc:subfield>
   </marc:datafield>
   <marc:datafield ind1=" " ind2=" " tag="653">
      <marc:subfield code="a">Familienroman</marc:subfield>
   </marc:datafield>
   <marc:datafield ind1=" " ind2=" " tag="653">
      <marc:subfield code="a">Russland</marc:subfield>
   </marc:datafield>
   <marc:datafield ind1=" " ind2=" " tag="653">
      <marc:subfield code="a">Moskau</marc:subfield>
   </marc:datafield>
   <marc:datafield ind1=" " ind2=" " tag="653">
      <marc:subfield code="a">Petersburg</marc:subfield>
   </marc:datafield>
   <marc:datafield ind1=" " ind2=" " tag="653">
      <marc:subfield code="a">Leningrad</marc:subfield>
   </marc:datafield>
   <marc:datafield ind1=" " ind2=" " tag="653">
      <marc:subfield code="a">Liebe in Leningrad</marc:subfield>
   </marc:datafield>
   <marc:datafield ind1=" " ind2=" " tag="653">
      <marc:subfield code="a">Märchen</marc:subfield>
   </marc:datafield>
   <marc:datafield ind1=" " ind2=" " tag="653">
      <marc:subfield code="a">1917</marc:subfield>
   </marc:datafield>
   <marc:datafield ind1=" " ind2=" " tag="653">
      <marc:subfield code="a">berührende Liebesgeschichte</marc:subfield>
   </marc:datafield>
   <marc:datafield ind1=" " ind2=" " tag="653">
      <marc:subfield code="a">Frauenroman</marc:subfield>
   </marc:datafield>
   <marc:datafield ind1=" " ind2=" " tag="653">
      <marc:subfield code="a">(BISAC Subject Heading)FIC027050: FICTION / Romance / Historical / General</marc:subfield>
   </marc:datafield>
   <marc:datafield ind1=" " ind2=" " tag="653">
      <marc:subfield code="a">(VLB-WN)1112: Hardcover, Softcover / Belletristik/Gegenwartsliteratur (ab 1945)</marc:subfield>
   </marc:datafield>
   <marc:datafield ind1=" " ind2="7" tag="655">
      <marc:subfield code="0">(DE-101)1010836978</marc:subfield>
      <marc:subfield code="a">Historische Romane und Erzählungen</marc:subfield>
      <marc:subfield code="2">gatbeg</marc:subfield>
   </marc:datafield>
   <marc:datafield ind1="1" ind2=" " tag="700">
      <marc:subfield code="8">2\p</marc:subfield>
      <marc:subfield code="0">(DE-588)138271224</marc:subfield>
      <marc:subfield code="0">https://d-nb.info/gnd/138271224</marc:subfield>
      <marc:subfield code="0">(DE-101)138271224</marc:subfield>
      <marc:subfield code="a">Jellinghaus, Silke</marc:subfield>
      <marc:subfield code="d">1975-</marc:subfield>
      <marc:subfield code="e">Übersetzer</marc:subfield>
      <marc:subfield code="4">trl</marc:subfield>
      <marc:subfield code="2">gnd</marc:subfield>
   </marc:datafield>
   <marc:datafield ind1="2" ind2=" " tag="710">
      <marc:subfield code="8">3\p</marc:subfield>
      <marc:subfield code="0">(DE-588)1065135327</marc:subfield>
      <marc:subfield code="0">https://d-nb.info/gnd/1065135327</marc:subfield>
      <marc:subfield code="0">(DE-101)1065135327</marc:subfield>
      <marc:subfield code="a">Ullstein extra</marc:subfield>
      <marc:subfield code="e">Verlag</marc:subfield>
      <marc:subfield code="4">pbl</marc:subfield>
      <marc:subfield code="2">gnd</marc:subfield>
   </marc:datafield>
   <marc:datafield ind1="0" ind2="8" tag="776">
      <marc:subfield code="i">Erscheint auch als</marc:subfield>
      <marc:subfield code="n">Online-Ausgabe</marc:subfield>
      <marc:subfield code="z">9783843727990</marc:subfield>
   </marc:datafield>
   <marc:datafield ind1="0" ind2="8" tag="787">
      <marc:subfield code="i">In Beziehung stehende Ressource</marc:subfield>
      <marc:subfield code="z">9783864931482</marc:subfield>
   </marc:datafield>
   <marc:datafield ind1="0" ind2="8" tag="787">
      <marc:subfield code="i">In Beziehung stehende Ressource</marc:subfield>
      <marc:subfield code="z">9783548066493</marc:subfield>
   </marc:datafield>
   <marc:datafield ind1="0" ind2="8" tag="787">
      <marc:subfield code="i">In Beziehung stehende Ressource</marc:subfield>
      <marc:subfield code="z">9783548060125</marc:subfield>
   </marc:datafield>
   <marc:datafield ind1="0" ind2="8" tag="787">
      <marc:subfield code="i">In Beziehung stehende Ressource</marc:subfield>
      <marc:subfield code="z">9783548067759</marc:subfield>
   </marc:datafield>
   <marc:datafield ind1="4" ind2="2" tag="856">
      <marc:subfield code="m">X:MVB</marc:subfield>
      <marc:subfield code="q">text/html</marc:subfield>
      <marc:subfield code="u">http://deposit.dnb.de/cgi-bin/dokserv?id=6a455fd3e4184475b7d2c04a499f29b1&amp;prov=M&amp;dok_var=1&amp;dok_ext=htm</marc:subfield>
      <marc:subfield code="3">Inhaltstext</marc:subfield>
   </marc:datafield>
   <marc:datafield ind1="1" ind2=" " tag="883">
      <marc:subfield code="8">1\p</marc:subfield>
      <marc:subfield code="a">vlb</marc:subfield>
      <marc:subfield code="d">20220407</marc:subfield>
      <marc:subfield code="q">DE-101</marc:subfield>
      <marc:subfield code="u">https://d-nb.info/provenance/plan#vlb</marc:subfield>
   </marc:datafield>
   <marc:datafield ind1="1" ind2=" " tag="883">
      <marc:subfield code="8">2\p</marc:subfield>
      <marc:subfield code="a">vlb</marc:subfield>
      <marc:subfield code="d">20220407</marc:subfield>
      <marc:subfield code="q">DE-101</marc:subfield>
      <marc:subfield code="u">https://d-nb.info/provenance/plan#vlb</marc:subfield>
   </marc:datafield>
   <marc:datafield ind1="1" ind2=" " tag="883">
      <marc:subfield code="8">3\p</marc:subfield>
      <marc:subfield code="a">adb</marc:subfield>
      <marc:subfield code="d">20220407</marc:subfield>
      <marc:subfield code="q">DE-101</marc:subfield>
      <marc:subfield code="u">https://d-nb.info/provenance/plan#adb</marc:subfield>
   </marc:datafield>
   <marc:datafield ind1="1" ind2=" " tag="883">
      <marc:subfield code="8">4\p</marc:subfield>
      <marc:subfield code="a">vlb</marc:subfield>
      <marc:subfield code="d">20220407</marc:subfield>
      <marc:subfield code="q">DE-101</marc:subfield>
      <marc:subfield code="u">https://d-nb.info/provenance/plan#vlb</marc:subfield>
   </marc:datafield>
   <marc:datafield ind1="r" ind2=" " tag="925">
      <marc:subfield code="a">ra</marc:subfield>
   </marc:datafield>
   <marc:datafield ind1="w" ind2=" " tag="925">
      <marc:subfield code="a">f</marc:subfield>
   </marc:datafield>
   <marc:datafield ind1="1" ind2=" " tag="926">
      <marc:subfield code="a">FRH</marc:subfield>
      <marc:subfield code="o">93</marc:subfield>
      <marc:subfield code="q">Publisher</marc:subfield>
      <marc:subfield code="v">1.5</marc:subfield>
      <marc:subfield code="x">Historische Liebesromane</marc:subfield>
   </marc:datafield>
   <marc:datafield ind1="2" ind2=" " tag="926">
      <marc:subfield code="a">FT</marc:subfield>
      <marc:subfield code="o">93</marc:subfield>
      <marc:subfield code="q">Publisher</marc:subfield>
      <marc:subfield code="v">1.5</marc:subfield>
      <marc:subfield code="x">Generationenromane, Familiensagas</marc:subfield>
   </marc:datafield>
   <marc:datafield ind1="2" ind2=" " tag="926">
      <marc:subfield code="a">FV</marc:subfield>
      <marc:subfield code="o">93</marc:subfield>
      <marc:subfield code="q">Publisher</marc:subfield>
      <marc:subfield code="v">1.5</marc:subfield>
      <marc:subfield code="x">Historischer Roman</marc:subfield>
   </marc:datafield>
   <marc:datafield ind1="2" ind2=" " tag="926">
      <marc:subfield code="a">1DTA-RU-J</marc:subfield>
      <marc:subfield code="o">94</marc:subfield>
      <marc:subfield code="q">Publisher</marc:subfield>
      <marc:subfield code="v">1.5</marc:subfield>
      <marc:subfield code="x">Russland: Sibirien</marc:subfield>
   </marc:datafield>
   <marc:datafield ind1="2" ind2=" " tag="926">
      <marc:subfield code="a">3MP</marc:subfield>
      <marc:subfield code="o">96</marc:subfield>
      <marc:subfield code="q">Publisher</marc:subfield>
      <marc:subfield code="v">1.5</marc:subfield>
      <marc:subfield code="x">20. Jahrhundert (1900 bis 1999 n. Chr.)</marc:subfield>
   </marc:datafield>
</marc:record>
